Účetnictví zemědělského podniku
Salvato in:
| Autore principale: | |
|---|---|
| Altri autori: | |
| Natura: | Libro |
| Lingua: | ceco |
| Pubblicazione: |
Praha
Svépomoc
1991
|
| Edizione: | 1. vyd. |
| Soggetti: | |
| Tags: |
Nessun Tag, puoi essere il primo ad aggiungerne!!
|
MARC
| LEADER | 00000nam a2200000 4500 | ||
|---|---|---|---|
| 001 | c003014 | ||
| 005 | 20221206115004.1 | ||
| 020 | |a 80-7063-064-7 | ||
| 041 | 0 | |a cze | |
| 044 | |a CZ | ||
| 245 | 1 | 0 | |a Účetnictví zemědělského podniku |c Antonín Valder, Marta Neplechová |
| 250 | |a 1. vyd. | ||
| 264 | 1 | |a Praha |b Svépomoc |c 1991 | |
| 300 | |a 254 s. | ||
| 610 | 2 | 0 | |a účtovníctvo |
| 610 | 2 | 0 | |a podnik poľnohospodársky |
| 610 | 2 | 0 | |a osnova účtová |
| 610 | 2 | 0 | |a dotácie |
| 610 | 2 | 0 | |a subvencie |
| 610 | 2 | 0 | |a náklady |
| 610 | 2 | 0 | |a evidencia účtovná |
| 610 | 2 | 0 | |a výsledok hospodársky |
| 610 | 2 | 0 | |a odvody zo zisku |
| 610 | 2 | 0 | |a prostriedky základné |
| 610 | 2 | 0 | |a oceňovanie |
| 610 | 2 | 0 | |a opotrebovanie fyzické |
| 610 | 2 | 0 | |a aktíva |
| 610 | 2 | 0 | |a prostriedky platobné |
| 610 | 2 | 0 | |a vzťahy zúčtovacie |
| 100 | 1 | |a Valder, Antonín | |
| 700 | 1 | |a Neplechová, Marta | |